000 00465cam a2200169ua 4500
041 _aeng
_h
082 _a535.84
_bBAN/FU
100 _aBanwell, Collin N .
245 _aFundamentals of molecular spectroscopy /
_cCollin N Banwell.
_hTextual Documents
250 _a4 /
_b.
260 _aNew Delhi :
_bTata Mc-Graw Hill Publishing Company ,
_c2007.
300 _a307 ; .
504 _a
700 1 _aMcCash, Elaine M .
942 _cBK
999 _c13340
_d13340